Turiya and the Catuspad Doctrine in Advaita Vedanta: An Inquiry into an Indian " States of Consciousness" Doctrine (Record no. 22746)

MARC details
000 -LEADER
fixed length control field 00441nam a22001337a 4500
082 ## - DEWEY DECIMAL CLASSIFICATION NUMBER
Classification number 181.482
Author Cutter FOR
100 ## - MAIN ENTRY--AUTHOR NAME
Author name Fort, Andrew Osmun
245 ## - TITLE STATEMENT
Title Turiya and the Catuspad Doctrine in Advaita Vedanta: An Inquiry into an Indian " States of Consciousness" Doctrine
260 ## - PUBLICATION, DISTRIBUTION, ETC. (IMPRINT)
Place of publication Pennsylvania
Year of publication 1982
300 ## - PHYSICAL DESCRIPTION
Number of Pages 193
650 ## - SUBJECT ADDED ENTRY--TOPICAL TERM
Topical Term Penn dissertations -- Religious studies
-- Religious studies -- Penn dissertations
942 ## - ADDED ENTRY ELEMENTS (KOHA)
Koha item type Books
Holdings
Home library Current library Shelving location Date acquired Full call number Accession Number Koha item type
Henry Martyn Institute Library Henry Martyn Institute Library General stacks 10/10/2019 181.482 FOR 25623 Books
                   Copyright © 2026 | Henry Martyn Institute | Hyderabad | TS-500052 | INDIA | Implemented by hmi.edu.in
Hit-Count:

Powered by Koha